00857nam a2200229 a 4500001001000000003000500010005001700015008004100032010001100073011001100084040000900095100002700104245013700131260004100268500006000309502007700369650002500446650003100471650001900502650003600521856007000557000115155CHAP20220329144519.0181031s2018 mx a sm |||||||spa d a111616 a112588 cCHAP1 aReyes Jacinto, Yamely.10aEnraizamiento de esquejes de crisantemo (Dendrathemum grandiflora T.) en un sistema cerradoh[En línea]cpor Yamely Reyes Jacinto. aChapingo, Méx. :bEl autor,c2018. aPara ver el contenido del material haga clic en la liga aTesis (Ing. Agr. Esp. en Fitotecnia) -- UACH. Departamento de Fitotecnia14aCrisantemoxHumedad.14aCrisantemoxPropagación.14aEnraizamiento.14aTemperaturaxEfecto en plantas. aFinding aiduhttp://10.13.5.2/tesis/sist115155.pdfzTeclea aquí